| 000 | 00708nam a2200205 i 4500 | ||
|---|---|---|---|
| 001 | 164683 | ||
| 003 | ES-MaACL | ||
| 005 | 20230906212959.0 | ||
| 008 | 050804m18801910fr | |||||||| ||fre d | ||
| 040 |
_aCAM _bspa _cCAM |
||
| 100 | 1 |
_aSand, George, _d1804-1876 _9103060 |
|
| 245 | 1 | 0 |
_aPromenades _b: autour d'un village / _cGeorge Sand. |
| 260 |
_aParis : _bLibrairie de L. Hachette et c\pie\s ( _e[s.a.] : _fBruxelles, _gTypographie de Ve J. van Buggenhoudt) |
||
| 300 |
_a191 p. ; _c18 cm. |
||
| 490 | 1 | _aCollection Hetzel | |
| 596 | _aProbablemente impreso entre 1880 y 1910. | ||
| 830 | 0 |
_aCollection Hetzel _9188385 |
|
| 852 |
_aES-MaACL _jG-14738 _z-- Enc. hol. |
||
| 999 |
_c164683 _d164683 |
||